| 000 | 00632nam a22002177a 4500 | ||
|---|---|---|---|
| 003 | IIN | ||
| 005 | 20250429121624.0 | ||
| 008 | 250429s |||ad||| |||| 001 0 eng d | ||
| 020 |
_a9788131257845 _cRs.735.00 |
||
| 040 | _aIIN | ||
| 082 |
_a616.9042 _bKAN |
||
| 100 | _aKannan, I. | ||
| 245 |
_aApplied Microbiology and Infection Control Practices for Nurses _bApplicable to Semester III/ _cI. Kannan |
||
| 250 | _a2nd ed. | ||
| 260 |
_aNew Delhi _bElsevier _c2023 |
||
| 300 |
_axvi, 337 p. _bcol. ill. |
||
| 500 | _aIncludes Index | ||
| 650 |
_aMicrobiology _vInfection Control |
||
| 650 |
_aMicrobiology _vNursing |
||
| 942 | _cBOOK | ||
| 999 |
_c1769 _d1769 |
||